Parmenidész toposzai

Elmentve itt :
Bibliográfiai részletek
Szerző: DEMETER Szilárd
Adatforrás:Meister
Forrásdokumentuma:Kellék. -
4-5 sz., 1996, 90-95 p.
Nyelv:magyar
Kulcsszavak:filozófiatörténet
SZABÓ Árpád
PARMENIDESZ
HEIDEGGER Martin
FALUS Róbert
STEIGER Kornél
LEADER 00478nab a2200181 i 4500
001 bibPRO00010128
008 060524s1996 xx hun
040 |a Sz1 
041 |a hun 
100 1 |a DEMETER Szilárd 
245 1 0 |a Parmenidész toposzai  |c DEMETER Szilárd 
695 |a filozófiatörténet 
695 |a SZABÓ Árpád 
695 |a PARMENIDESZ 
695 |a HEIDEGGER Martin 
695 |a FALUS Róbert 
695 |a STEIGER Kornél 
773 0 |t Kellék. -  |g 4-5 sz., 1996, 90-95 p.